Estilos cognitivos en Colombia: resultados en cinco regiones culturales colombianas

Gorde:
Xehetasun bibliografikoak
Egile Nagusiak: Hederich Martínez, Christian (Egilea), Camargo Uribe, Angela (Egilea)
Formatua: Liburua
Hizkuntza:gaztelania
Argitaratua: Bogotá Universidad Pedagógica Nacional 1999
Gaiak:
Etiketak: Etiketa erantsi
Etiketarik gabe, Izan zaitez lehena erregistro honi etiketa jartzen!

MARC

LEADER 00000nam a2200000 a 4500
001 UCO8876
003 CL-VaPUC
008 010105e19990000CK |||||||||||||||||spa|d
082 0 4 |a 306.09861  |b HED  |2 21 
100 |a Hederich Martínez, Christian  |e author  |9 489523 
700 0 |a Camargo Uribe, Angela  |e author  |9 453771 
245 1 0 |a Estilos cognitivos en Colombia: resultados en cinco regiones culturales colombianas 
300 |a 214 p 
942 |c BK 
945 |d 20010105 00:00:00  |a vberengu 
260 |a Bogotá  |b Universidad Pedagógica Nacional  |c 1999 
500 |a Este libro corresponde a la segunda etapa del Proyecto de Regiones Cognitivas en Colombia 
650 0 |a Cognición   |9 270347 
650 7 |a CULTURA COLOMBIANA  |2 CL-VaPUC  |9 447615 
650 0 |a Inteligencia  |9 267038 
650 0 |a Procesos de aprendizaje  |9 309161 
651 0 |a Colombia  |9 256424 
583 |a last modification  |c 20010105 00:00:00  |k Rodrigo Vera 
999 |c 293301  |d 293299 
952 |0 0  |1 0  |4 0  |6 306_098610000000000_HED_1999  |7 0  |8 A  |9 344759  |a BIBEDU  |b BIBEDU  |d 2019-11-20  |i 3599051  |o 306.09861 HED 1999  |p 3599051  |r 2019-11-20  |w 2019-11-20  |y BK  |k EDU